000 005810000a22001810004500
003 MACL
005 20160520115948.0
008 160520b xxu||||| |||| 00| 0 eng d
040 _aMACL
_cMACL
041 _aHindi
082 _a891.433
100 _aशर्मा, ब्रहादत्‍त
_958370
245 _aचालीस पार
_cब्रहादत्‍त शर्मा
260 _aदिल्‍ली
_bसूर्य भारती प्रकाशन
_c2014
350 _a250
650 _aStory
_958371
942 _cHIN
_k891.433/SHA
_2ddc
999 _c49199
_d49199